000 00549nam a22001817a 4500
003 OSt
005 20250721004332.0
008 250721b |||||||| |||| 00| 0 eng d
020 _a9789719803584
040 _aDWCL-Main lib
_cOC
082 _aCirc. 339 M266 2015
100 _aManapat, Carlos L.
245 _aMacroeconomics :
_ban introduction/
_cCarlos L. Manapat
260 _aQuezon City :
_bC & E Publishing,
_c c2015.
300 _a 169 pages :
_b illustrations ;
_c 26 cm.
650 _a1. Macroeconomics.
942 _2ddc
_cBK-CIRC
_kCirc.
_n0
999 _c3790
_d3790